MARC details
| 000 -LEADER |
| fixed length control field |
02577cam a22004097i 4500 |
| 001 - CONTROL NUMBER |
| control field |
18691301 |
| 003 - CONTROL NUMBER IDENTIFIER |
| control field |
ARRUPE |
| 005 - DATE AND TIME OF LATEST TRANSACTION |
| control field |
20180411095530.0 |
| 008 - FIXED-LENGTH DATA ELEMENTS--GENERAL INFORMATION |
| fixed length control field |
150708s2015 nyu b 001 0 eng d |
| 010 ## - LIBRARY OF CONGRESS CONTROL NUMBER |
| LC control number |
2015430386 |
| 020 ## - INTERNATIONAL STANDARD BOOK NUMBER |
| International Standard Book Number |
9780823264667 |
| 020 ## - INTERNATIONAL STANDARD BOOK NUMBER |
| International Standard Book Number |
0823264661 |
| 020 ## - INTERNATIONAL STANDARD BOOK NUMBER |
| International Standard Book Number |
9780823264674 |
| 020 ## - INTERNATIONAL STANDARD BOOK NUMBER |
| International Standard Book Number |
082326467X |
| 035 ## - SYSTEM CONTROL NUMBER |
| System control number |
(OCoLC)ocn888556640 |
| 040 ## - CATALOGING SOURCE |
| Original cataloging agency |
YDXCP |
| Language of cataloging |
eng |
| Transcribing agency |
YDXCP |
| Description conventions |
rda |
| Modifying agency |
BTCTA |
| -- |
BDX |
| -- |
OCLCQ |
| -- |
VVS |
| -- |
AUM |
| -- |
CIA |
| -- |
OCLCF |
| -- |
LML |
| -- |
ZCU |
| -- |
CDX |
| -- |
DRU |
| -- |
DLC |
| 042 ## - AUTHENTICATION CODE |
| Authentication code |
lccopycat |
| 050 00 - LIBRARY OF CONGRESS CALL NUMBER |
| Classification number |
B815 |
| Item number |
.B88 2015 |
| 082 04 - DEWEY DECIMAL CLASSIFICATION NUMBER |
| Classification number |
128/.37 |
| Edition number |
23 |
| 300 ## - PHYSICAL DESCRIPTION |
| Dimensions |
24 cm |
| 100 1# - MAIN ENTRY--PERSONAL NAME |
| Personal name |
Butler, Judith, |
| 9 (RLIN) |
41359 |
| 245 10 - TITLE STATEMENT |
| Title |
Senses of the subject / |
| Statement of responsibility, etc |
Judith Butler. |
| 260 ## - PUBLICATION, DISTRIBUTION, ETC. (IMPRINT) |
| Place of publication, distribution, etc |
New York |
| Name of publisher, distributor, etc |
Fordham University Press |
| Date of publication, distribution, etc |
2015 |
| 300 ## - PHYSICAL DESCRIPTION |
| Extent |
viii, 217 p. ; |
| 504 ## - BIBLIOGRAPHY, ETC. NOTE |
| Bibliography, etc |
Includes bibliographical references (pages 199-212) and index. |
| 505 00 - FORMATTED CONTENTS NOTE |
| Title |
"How can I deny that these hands and this body are mine?" -- |
| -- |
Merleau-Ponty and the touch of Malebranche -- |
| -- |
The desire to live: Spinoza's Ethics under pressure -- |
| -- |
To sense what is living in the other : Hegel's early love -- |
| -- |
Kierkegaard's speculative despair -- |
| -- |
Sexual difference as a question of ethics : alterities of the flesh in Irigaray and Merleau-Ponty -- |
| -- |
Violence, nonviolence: Sartre on Fanon. |
| 520 ## - SUMMARY, ETC. |
| Summary, etc |
This book brings together a group of Judith Butler's philosophical essays written over two decades that elaborate her reflections on the roles of the passions in subject formation through an engagement with Hegel, Kierkegaard, Descartes, Spinoza, Malebranche, Merleau-Ponty, Freud, Irigaray, and Fanon. Drawing on her early work on Hegelian desire and her subsequent reflections on the psychic life of power and the possibility of self-narration, this book considers how passions such as desire, rage, love, and grief are bound up with becoming a subject within specific historical fields of power. |
| 650 #0 - SUBJECT ADDED ENTRY--TOPICAL TERM |
| Topical term or geographic name as entry element |
Emotions (Philosophy) |
| 9 (RLIN) |
41360 |
| 856 42 - ELECTRONIC LOCATION AND ACCESS |
| Materials specified |
Contributor biographical information |
| Uniform Resource Identifier |
<a href="http://www.loc.gov/catdir/enhancements/fy1509/2015430386-b.html">http://www.loc.gov/catdir/enhancements/fy1509/2015430386-b.html</a> |
| 856 42 - ELECTRONIC LOCATION AND ACCESS |
| Materials specified |
Publisher description |
| Uniform Resource Identifier |
<a href="http://www.loc.gov/catdir/enhancements/fy1509/2015430386-d.html">http://www.loc.gov/catdir/enhancements/fy1509/2015430386-d.html</a> |
| 856 41 - ELECTRONIC LOCATION AND ACCESS |
| Materials specified |
Table of contents only |
| Uniform Resource Identifier |
<a href="http://www.loc.gov/catdir/enhancements/fy1509/2015430386-t.html">http://www.loc.gov/catdir/enhancements/fy1509/2015430386-t.html</a> |
| 906 ## - LOCAL DATA ELEMENT F, LDF (RLIN) |
| a |
7 |
| b |
cbc |
| c |
copycat |
| d |
2 |
| e |
ncip |
| f |
20 |
| g |
y-gencatlg |
| 942 ## - ADDED ENTRY ELEMENTS (KOHA) |
| Source of classification or shelving scheme |
Library of Congress Classification |
| Koha item type |
Monograph ( Printed materials) |